Les buteurs du Portugal au Championnat d'Europe de football 2020 - Statistiques

Statistiques générales
  • Ce quiz a été pris 74 fois
  • Le résultat moyen est 6 sur 7
Statistiques - réponses
Match Minute Buteur % Correct
Hongrie - Portugal 0-3 87' Cristiano Ronaldo
100%
Hongrie - Portugal 0-3 90+2' Cristiano Ronaldo
100%
Portugal - Allemagne 2-4 15' Cristiano Ronaldo
100%
Portugal - France 2-2 31' Cristiano Ronaldo
100%
Portugal - France 2-2 60' Cristiano Ronaldo
100%
Portugal - Allemagne 2-4 67' Diogo Jota
43%
Hongrie - Portugal 0-3 84' Raphaël Guerreiro
25%
Aucun quiz correspondant
Distribution des résultats
% des personnes avec chaque résultat
Percentile par nombre de réponses
Votre historique - résultats
Vous n’avez pas pris ce quiz